<The> Policing of mass demonstration in contemporary democracies police knowledge and public order: some reflections on the italian case

Saved in:
Bibliographic Details
Main Author: della Porta, Donatella
Format: Book
Language:English
Published: San Domenico (FI) European University Institute/Robert Schuman Centre 1997
Series:EUI Working paper RSC No. 97/11
Subjects:
Tags: Add Tag
No Tags, Be the first to tag this record!

MARC

LEADER 00000nam a2200000 4500
001 c134514
005 20221124073812.9
041 0 |a eng 
044 |a IT 
245 1 0 |a <The> Policing of mass demonstration in contemporary democracies  |b police knowledge and public order: some reflections on the italian case  |c Donatella della Porta 
264 1 |a San Domenico (FI)  |b European University Institute/Robert Schuman Centre  |c 1997 
300 |a 46 s. 
490 1 |a EUI Working paper RSC  |v No. 97/11 
830 0 |a EUI Working paper RSC  |v No. 97/11 
610 2 0 |a polícia 
610 2 0 |a politika 
610 2 0 |a ochrana civilná 
610 2 0 |a štát 
610 2 0 |a problémy spoločenské 
610 2 0 |a strany politické 
610 2 0 |a konflikty 
610 2 0 |a kontrola štátna 
610 2 0 |a poriadok právny 
610 2 0 |a demokracia 
610 2 0 |a moc politická 
610 2 0 |a Taliansko 
100 1 |a della Porta, Donatella